Entrepreneurship development : (Record no. 10102)

MARC details
000 -LEADER
fixed length control field 00508cam a2200193ua 4500
008 - FIXED-LENGTH DATA ELEMENTS--GENERAL INFORMATION
fixed length control field 190904n ii |||gr||||Z||||||eng
020 ## - INTERNATIONAL STANDARD BOOK NUMBER
International Standard Book Number 9788184554588
040 ## - CATALOGING SOURCE
Transcribing agency MAIN
041 ## - LANGUAGE CODE
-- eng
082 ## - DEWEY DECIMAL CLASSIFICATION NUMBER
Classification number 338.04
100 ## - MAIN ENTRY--PERSONAL NAME
Personal name Mahboob Alam,
Relator term
245 ## - TITLE STATEMENT
Title Entrepreneurship development :
Remainder of title Challenges and opportunities /
Statement of responsibility, etc. Ed by Mahboob Alam .
250 ## - EDITION STATEMENT
Edition statement 1st ed.
260 ## - PUBLICATION, DISTRIBUTION, ETC.
Place of publication, distribution, etc. New Delhi:
Name of publisher, distributor, etc. Omega publications,
Date of publication, distribution, etc. 2013.
300 ## - PHYSICAL DESCRIPTION
Extent 435p.
942 ## - ADDED ENTRY ELEMENTS (KOHA)
Koha item type Books
653 ## - INDEX TERM--UNCONTROLLED
Uncontrolled term Production
Holdings
Withdrawn status Lost status Damaged status Not for loan Home library Current library Shelving location Date acquired Total Checkouts Full call number Barcode Date last seen Date last checked out Copy number Price effective from Koha item type
        Central Library, Naharkatiya College Central Library, Naharkatiya College General Stacks 19/09/2020 1 338.04Entrepreneurship development | ENT 27385 10/02/2021 27/01/2021 1 19/09/2020 Books

Naharkatiya College © 2020. All rights reserved.

Powered By